Životná úroveň obyvateľov SR mierne stúpa, 80 perc. ľudí však pociťuje obavy z budúceho vývoja
Prerokovávanie Správy o sociálnej situácii obyvateľstva SR. Správa je podrobnou analýzou makroekonomických súvislostí, demografickej charakteristiky, vývoja zamestnanosti, príjmov, sociálneho zabezpečenia, sociálnej starostlivosti ako aj hodnotenia životnej úrovne obyvateľov SR. Vybrané demografické...
Salvato in:
| Autore principale: | |
|---|---|
| Natura: | Capitolo di libro |
| Lingua: | slovacco |
| Soggetti: | |
| Tags: |
Nessun Tag, puoi essere il primo ad aggiungerne!!
|
MARC
| LEADER | 00000naa a2200000 4500 | ||
|---|---|---|---|
| 001 | r026707 | ||
| 005 | 20230921081159.4 | ||
| 041 | 0 | |a slo | |
| 044 | |a SK | ||
| 245 | 1 | 0 | |a Životná úroveň obyvateľov SR mierne stúpa, 80 perc. ľudí však pociťuje obavy z budúceho vývoja |c E. Reiselová |
| 520 | |a Prerokovávanie Správy o sociálnej situácii obyvateľstva SR. Správa je podrobnou analýzou makroekonomických súvislostí, demografickej charakteristiky, vývoja zamestnanosti, príjmov, sociálneho zabezpečenia, sociálnej starostlivosti ako aj hodnotenia životnej úrovne obyvateľov SR. Vybrané demografické údaje. Pomer dôchodkov k mzdám. Ukazovatele sociálneho vývoja v SR. Vývoj štruktúry spotrebného koša v SR. Hodnotenie životnej úrovne. | ||
| 610 | 2 | 0 | |a situácia sociálna |
| 610 | 2 | 0 | |a úroveň životná |
| 610 | 2 | 0 | |a Slovensko |
| 610 | 2 | 0 | |a údaje štatistické |
| 610 | 2 | 0 | |a účty rodinné |
| 610 | 2 | 0 | |a prídavky na deti |
| 610 | 2 | 0 | |a mzdy |
| 610 | 2 | 0 | |a dôchodky |
| 610 | 2 | 0 | |a kôš spotrebný |
| 100 | 1 | |a Reiselová, E. | |